[Event "FSGM September"]
[Site "Budapest HUN"]
[Date "2006.09.04"]
[Round "3"]
[White "Boros,De"]
[Black "Kosic,D"]
[Result "1-0"]
[WhiteElo "2462"]
[BlackElo "2506"]

1.e4 e6 2.d4 d5 3.Nc3 Nf6 4.e5 Nfd7 5.f4 c5 6.Nf3 Nc6 7.Be3 a6 8.Qd2 b5 9.a3 g5
10.fxg5 cxd4 11.Nxd4 Ncxe5 12.Be2 Bg7 13.O-O O-O 14.Nd1 Bb7 15.Nf2 Rc8 16.Rad1 Nc5
17.Nf3 Ne4 18.Nxe4 Nxf3+ 19.Bxf3 dxe4 20.Qxd8 Rcxd8 21.Rxd8 Rxd8 22.Bh5 Rd7
23.c3 Be5 24.Kf2 a5 25.Be2 Bc6 26.Rd1 Rd5 27.g3 Bd6 28.b4 axb4 29.axb4 Rxd1
30.Bxd1 h6 31.gxh6 Kh7 32.Bb3 Bd5 33.Bd1 Bf8 34.Bh5 f5 35.Be2 Bc6 36.c4 Bxb4
37.cxb5 Bd5 38.Bh5 e5 39.Be8 Bd6 40.Bc6 Bxc6 41.bxc6 Bc7 42.g4 f4 43.g5 fxe3+
44.Kxe3 Kg6 45.Kxe4 Bb8 46.h4 Bc7 47.h5+ Kh7 48.Kf5 Bb8 49.Kf6 e4 50.g6+ Kxh6
51.g7  1-0

[Event "ch-U20 Panamerican"]
[Site "Bogota COL"]
[Date "2006.09.06"]
[Round "7"]
[White "Hungaski,R"]
[Black "Cordova,Em"]
[Result "1-0"]
[WhiteElo "2412"]
[BlackElo "2434"]

1.e4 e6 2.d4 d5 3.Nc3 Nf6 4.e5 Nfd7 5.f4 c5 6.Nf3 Nc6 7.Be3 a6 8.Qd2 b5 9.a3 g5
10.fxg5 cxd4 11.Nxd4 Ncxe5 12.Nf3 Bg7 13.Nxe5 Nxe5 14.O-O-O Bb7 15.Qe1 Qe7
16.h4 Nc6 17.Ne2 O-O-O 18.Bb6 Rd7 19.Nf4 h6 20.Nh5 Be5 21.Nf6 Bxf6 22.gxf6 Qxf6
23.Kb1 Rg8 24.Rh3 e5 25.a4 bxa4 26.Ra3 Rg4 27.g3 Re4 28.Qc3 Qe6 29.Qc5 Kb8
30.Qf8+ Bc8 31.Bxa6 Re7 32.Bd3 Re8 33.Qc5 Rd4 34.c3 Rxd3 35.Rxd3 Qg6 36.Ka2 Qxd3
37.Qd6+ Kb7 38.Qc7+ Ka6 39.Rxa4+ Kb5 40.Ba7  1-0

[Event "I Open"]
[Site "Vitoria BRA"]
[Date "2006.09.07"]
[Round "2"]
[White "Bittencourt,J"]
[Black "Souza Filho,N"]
[Result "1-0"]
[WhiteElo "2419"]
[BlackElo "2129"]

1.e4 e6 2.d4 d5 3.Nc3 Nf6 4.e5 Nfd7 5.f4 c5 6.Nf3 Nc6 7.Be3 a6 8.Qd2 cxd4
9.Nxd4 Nxd4 10.Bxd4 Bc5 11.g3 b5 12.a3 Qb6 13.Ne2 Nb8 14.Qc3 Nd7 15.Bg2 Bxd4
16.Nxd4 O-O 17.O-O Bb7 18.Qe3 Rac8 19.c3 a5 20.b4 Rc7 21.g4 Rfc8 22.Rac1 axb4
23.axb4 Nb8 24.f5 Nc6 25.Rcd1 Nxd4 26.cxd4 exf5 27.Rxf5 Rf8 28.Rf2 Qg6 29.g5 Rfc8
30.Rdf1 Re7 31.Kh1 Rd8 32.Rc1 f6 33.gxf6 gxf6 34.Rg1 Kh8 35.Bf3 Qf5 36.Bg2 Qg6
37.Qf4 fxe5 38.dxe5 Qe6 39.Qf6+ Qxf6 40.exf6 Rf7 41.Re1 Rdf8 42.Re6 d4 43.Bxb7 Rxb7
44.Rd6 Rbf7 45.Kg2 d3 46.Kf1 h6 47.Ke1 Kh7 48.Kd2 Kg6 49.Kxd3 Kg5 50.Kd4 h5
51.Kc5 Rb8 52.Rb6 Rc8+ 53.Kxb5 Kg4 54.Rc6 Rb7+ 55.Kc5 Rxc6+ 56.Kxc6 Rxb4
57.f7 Rb8 58.f8=Q Rxf8 59.Rxf8 Kh3 60.Rf2 h4 61.Kd5 Kg4 62.Ke4 Kh3 63.Rf4  1-0

[Event "FSIMA September"]
[Site "Budapest HUN"]
[Date "2006.09.09"]
[Round "8"]
[White "Werner,Di"]
[Black "Zumsande,M"]
[Result "1/2-1/2"]
[WhiteElo "2315"]
[BlackElo "2404"]

1.e4 e6 2.d4 d5 3.Nc3 Nf6 4.e5 Nfd7 5.f4 c5 6.Nf3 Nc6 7.Be3 a6 8.Qd2 b5 9.dxc5 Bxc5
10.Bxc5 Nxc5 11.Bd3 Qb6 12.Qf2 b4 13.Ne2 a5 14.O-O Ba6 15.Kh1 Ne7 16.Rad1  1/2-1/2

[Event "EU-chG16"]
[Site "Herceg Novi MNE"]
[Date "2006.09.10"]
[Round "1"]
[White "Heinatz,M"]
[Black "Khazhomia,S"]
[Result "0-1"]
[WhiteElo "1916"]
[BlackElo "2116"]

1.e4 e6 2.d4 d5 3.Nc3 Nf6 4.e5 Nfd7 5.f4 c5 6.Nf3 Nc6 7.Be3 a6 8.Qd2 b5 9.dxc5 Bxc5
10.Bxc5 Nxc5 11.Qf2 Qb6 12.Bd3 Bd7 13.O-O h6 14.f5 b4 15.fxe6 Bxe6 16.Ne2 O-O
17.Nf4 Rab8 18.Rad1 Na4 19.Qxb6 Rxb6 20.Be2 Nxb2 21.Nxd5 Nxd1 22.Nxb6 Ne3
23.Rc1 a5 24.Bb5 Na7 25.Bd7 Bxd7 26.Nxd7 Rc8 27.Ne1 Nb5 28.Kf2 Rc3 29.Nb6 Ng4+
30.Kg1 Nxe5 31.Nd5 Ra3 32.Ra1 Nd4 33.Kf2 Ng4+ 34.Kg1 Ne2+ 35.Kf1 Nc3 36.Nxc3 Rxc3
37.h3 Ne3+  0-1

[Event "EU-chG18"]
[Site "Herceg Novi MNE"]
[Date "2006.09.11"]
[Round "2"]
[White "Carlsen,E"]
[Black "Pascual Palomo,L"]
[Result "0-1"]
[WhiteElo "1909"]
[BlackElo "2067"]

1.e4 e6 2.d4 d5 3.Nc3 Nf6 4.e5 Nfd7 5.f4 c5 6.Nf3 Nc6 7.Be3 a6 8.Be2 b5 9.a3 Qb6
10.f5 cxd4 11.fxe6 fxe6 12.Bf2 Qc7 13.Nxd4 Ndxe5 14.O-O Bd6 15.g3 O-O 16.Nxc6 Qxc6
17.Bd4 Bb7 18.Bxe5 Bxe5 19.Bf3 Bxc3 20.bxc3 Qxc3 21.Qe2 e5 22.a4 Qd4+ 23.Kg2 e4
24.Bg4 bxa4 25.Be6+ Kh8 26.Rxf8+ Rxf8 27.Rf1 Rf6 28.Rb1 Rxe6 29.Rxb7 h6 30.Rb8+ Kh7
31.Rc8 e3 32.Rf8 Qd2 33.Kf1 Rf6+ 34.Rxf6 gxf6  0-1

[Event "ch-EU"]
[Site "Liverpool ENG"]
[Date "2006.09.11"]
[Round "6"]
[White "Jackson,O"]
[Black "Grassie,D"]
[Result "1-0"]
[WhiteElo "2225"]
[BlackElo "2042"]

1.e4 e6 2.d4 d5 3.Nc3 Nf6 4.e5 Nfd7 5.f4 c5 6.Nf3 Nc6 7.Bd3 cxd4 8.Ne2 Qb6
9.O-O Be7 10.Kh1 Nc5 11.Nexd4 Nxd3 12.Qxd3 Bd7 13.Be3 Bc5 14.Rfe1 O-O 15.Nxc6 bxc6
16.Bxc5 Qxc5 17.Ng5 g6 18.Qh3 h5 19.g4 Kg7 20.gxh5 Rh8 21.Rg1 Qxc2 22.Rg2 Qc4
23.Qg4 Rxh5 24.Nxf7 Qe4 25.Nd6 Rxh2+ 26.Kxh2 Rh8+ 27.Kg1 Qe3+ 28.Rf2 c5 29.Qf3 d4
30.Qxe3 dxe3  1-0

[Event "EU-chG16"]
[Site "Herceg Novi MNE"]
[Date "2006.09.12"]
[Round "3"]
[White "Paulauskaite,G"]
[Black "Khazhomia,S"]
[Result "0-1"]
[WhiteElo "1960"]
[BlackElo "2116"]

1.e4 e6 2.d4 d5 3.Nc3 Nf6 4.e5 Nfd7 5.f4 c5 6.dxc5 Bxc5 7.Qg4 g6 8.Bd3 Qb6
9.Nf3 Nc6 10.a3 a6 11.Na4 Qa5+ 12.Bd2 Qxa4 13.b3 Ncxe5 14.Nxe5 Nxe5 15.Bb5+ axb5
16.Qg5 Qe4+  0-1

[Event "EU-chG18"]
[Site "Herceg Novi MNE"]
[Date "2006.09.13"]
[Round "4"]
[White "Mader,Ma"]
[Black "Kaniak,M"]
[Result "1-0"]
[WhiteElo "2163"]
[BlackElo "1936"]

1.e4 e6 2.d4 d5 3.Nc3 Nf6 4.e5 Nfd7 5.f4 c5 6.Nf3 Nc6 7.Be3 a6 8.Qd2 cxd4
9.Nxd4 Bc5 10.O-O-O O-O 11.Qf2 Nxd4 12.Bxd4 Qc7 13.Bd3 b5 14.Qh4 g6 15.Ne2 b4
16.Qg5 a5 17.h4 Ba6 18.h5 Bxd3 19.Rxd3 Qd8 20.Qh6 Qe7 21.Rdh3 Bxd4 22.Nxd4 g5
23.Nc6 Qe8 24.fxg5 Rc8 25.g6 fxg6 26.hxg6  1-0

[Event "TCh-ESP Honor Gp2"]
[Site "San Sebastian ESP"]
[Date "2006.09.15"]
[Round "3"]
[White "Timofeev,Arty"]
[Black "Bermejo Martinez,J"]
[Result "1-0"]
[WhiteElo "2657"]
[BlackElo "2215"]

1.e4 e6 2.d4 d5 3.Nc3 Nf6 4.e5 Nfd7 5.f4 c5 6.Nf3 Nc6 7.Be3 cxd4 8.Nxd4 Bc5
9.Qd2 a6 10.O-O-O O-O 11.Qf2 Nxd4 12.Bxd4 Qc7 13.Bd3 Bxd4 14.Qxd4 Qc5 15.Ne2 Qxd4
16.Nxd4 Nb8 17.Kd2 Nc6 18.Ke3 Bd7 19.c3 Rac8 20.g4 f6 21.exf6 gxf6 22.Rhg1 Kh8
23.Nxc6 bxc6 24.g5 Kg7 25.Bxa6 Ra8 26.Bc4 Ra4 27.b4 e5 28.Bb3 Ra3 29.Rdf1 exf4+
30.Rxf4 f5 31.Kd4 Re8 32.Kc5 Re3 33.Rg3 Rxg3 34.hxg3 Kg6 35.Rh4 Be8 36.Rh6+ Kxg5
37.Rxh7 Kg4 38.Re7 Ra8 39.Rg7+ Kf3 40.Rg8 Ke3 41.Bd1 Kd3 42.Bh5 Kxc3 43.Rxe8 Rxa2
44.Re3+ Kb2 45.Re2+  1-0

[Event "EU-chB16"]
[Site "Herceg Novi MNE"]
[Date "2006.09.16"]
[Round "6"]
[White "Leniart,A"]
[Black "Tereick,B"]
[Result "0-1"]
[WhiteElo "2348"]
[BlackElo "2262"]

1.e4 e6 2.d4 d5 3.Nc3 Nf6 4.e5 Nfd7 5.f4 c5 6.Nf3 Nc6 7.Be3 cxd4 8.Nxd4 Bc5
9.Qd2 O-O 10.O-O-O a6 11.h4 Nxd4 12.Bxd4 b5 13.Rh3 Bb7 14.Kb1 b4 15.Ne2 a5
16.h5 Qb6 17.Rg3 Bxd4 18.Nxd4 f5 19.exf6 Nxf6 20.Qe3 Nxh5 21.Rg5 g6 22.Rxh5 gxh5
23.Bd3 Qd6 24.Nxe6 Rf7 25.f5 Qe7 26.Rf1 Qf6 27.Rh1 Ba6 28.Rxh5 Bxd3 29.cxd3 d4
30.Qe4 Re8 31.g4 a4 32.Rh1 Rfe7 33.g5 Qf7 34.g6 hxg6 35.Qe5 Qg7 36.Qd5 Qf7
37.Qe5 Qg7 38.Qh2 b3 39.axb3 axb3 40.Qh4 Qh7 41.Qe4 gxf5 42.Qg2+ Qg7 43.Qxg7+ Rxg7
44.Nxg7 Kxg7 45.Kc1 Re2 46.Rh4 Rc2+ 47.Kd1 Rxb2 48.Rxd4 Rf2 49.Kc1 f4 50.Rb4 b2+
51.Kb1 Kf6 52.Re4 Kf5 53.Re8 f3 54.d4 Re2 55.Rf8+ Ke4 56.d5 f2 57.Ka2 b1=Q+  0-1

[Event "EU-chB18"]
[Site "Herceg Novi MNE"]
[Date "2006.09.17"]
[Round "7"]
[White "Dourerassou,J"]
[Black "Glud,J"]
[Result "1-0"]
[WhiteElo "2336"]
[BlackElo "2418"]

1.e4 e6 2.d4 d5 3.Nc3 Nf6 4.e5 Nfd7 5.f4 c5 6.Nf3 Nc6 7.Be3 cxd4 8.Nxd4 Bc5
9.Qd2 O-O 10.O-O-O a6 11.Qf2 Nxd4 12.Bxd4 Qc7 13.Bd3 Bxd4 14.Qxd4 Qc5 15.Ne2 b5
16.Rde1 b4 17.f5 Qxd4 18.Nxd4 Nc5 19.Rhf1 a5 20.Rf3 a4 21.Ref1 exf5 22.Nc6 b3
23.a3 Re8 24.Bxf5 Bxf5 25.Rxf5 Rac8 26.Nb4 bxc2 27.Kxc2 Nd7+ 28.Kb1 Nxe5
29.Nxd5 f6 30.R5f4 Nc4 31.R1f2 Re5 32.Rd4 Na5 33.Nc3 Nb3 34.Rxa4 Re1+ 35.Kc2 Rb8
36.Rb4 Rxb4 37.axb4 Nd4+ 38.Kd3 Ne6 39.Kc4 Kf7 40.b5 Ke7 41.Rd2 f5 42.b6 Nd8
43.Kb5 g5 44.Nd5+ Kd7 45.Nb4+ Kc8 46.Rc2+ Kd7 47.Rc7+ Kd6 48.Nc6 Ne6 49.Rxh7 Re2
50.b4  1-0

[Event "12th DDS League and Open"]
[Site "Tuzla BIH"]
[Date "2006.09.19"]
[Round "7"]
[White "Budimir,Bor"]
[Black "Goric,E"]
[Result "1-0"]
[WhiteElo "2322"]
[BlackElo "2293"]

1.e4 e6 2.d4 d5 3.Nc3 Nf6 4.e5 Nfd7 5.f4 c5 6.Nf3 Nc6 7.Be3 cxd4 8.Nxd4 Nxd4
9.Bxd4 Nb8 10.Be2 Nc6 11.Bf2 Be7 12.O-O O-O 13.Bd3 Bd7 14.Ne2 Qa5 15.c3 Bc5
16.Qe1 Qb6 17.Bxc5 Qxc5+ 18.Kh1 f5 19.exf6 Rxf6 20.Rd1 Raf8 21.Nd4 Nxd4 22.cxd4 Qb6
23.Qd2 Bb5 24.Bxb5 Qxb5 25.Rf3 Qa4 26.b3 Qa6 27.Rc1 h6 28.h3 Qd6 29.Rcf1 Rc8
30.Rc1 Rcf8 31.Rcf1 R8f7 32.Qe3 b5 33.Qe5 Qc6 34.f5 exf5 35.Rxf5 Rxf5 36.Rxf5 Rxf5
37.Qxf5 a5 38.Qe5 Kh8 39.Kh2 a4 40.h4 Qd7 41.Kg3 axb3 42.axb3 Qc6 43.Kf4 Qc1+
44.Kf5 Qc2+ 45.Ke6 Qxg2 46.Qxd5 Qg4+ 47.Kf7 Qf4+ 48.Ke8 Qxh4 49.Qe5 Qg4 50.d5 Qc8+
51.Ke7 Qc5+ 52.Kf7 Qf2+ 53.Ke8 Qc5 54.Qe6 h5 55.d6 Qc6+ 56.Kf7 Qf3+ 57.Ke7 b4
58.d7 Qb7 59.Ke8 Qb5 60.Kf7  1-0

[Event "19th Moratalaz Open"]
[Site "Madrid ESP"]
[Date "2006.09.20"]
[Round "3"]
[White "Gonzalez Somoza,O"]
[Black "Fernandez Martinez,Jos"]
[Result "1-0"]
[WhiteElo "2250"]
[BlackElo "1829"]

1.e4 e6 2.d4 d5 3.Nc3 Nf6 4.e5 Nfd7 5.Nce2 c5 6.c3 Nc6 7.f4 cxd4 8.cxd4 Be7
9.Nf3 O-O 10.Nc3 f6 11.Bd3 f5 12.Be3 Nb4 13.Bb1 Nb6 14.a3 Na6 15.O-O Bd7
16.Qd3 Rc8 17.Kh1 Na4 18.Nxa4 Bxa4 19.g4 g6 20.Rg1 Kh8 21.gxf5 gxf5 22.Ng5 Bxg5
23.Rxg5 Rg8 24.Qe2 Qc7 25.Rxg8+ Rxg8 26.Bd3 Nb8 27.Bf2 a6 28.Bh4 Nd7 29.Be7 Rg7
30.Bd6 Qc8 31.Qf2 Nb6 32.Qh4 Bb5 33.Bxb5 axb5 34.Bc5 Nc4 35.Qf6 Kg8 36.b4 Ne3
37.Rg1 Rxg1+ 38.Kxg1 Nc4 39.Qe7 b6 40.h4 bxc5 41.bxc5 Kh8 42.c6 Qxc6 43.Qf8+  1-0

[Event "15th TCh-CRO"]
[Site "Sibenik CRO"]
[Date "2006.09.22"]
[Round "1"]
[White "Plenkovic,Z"]
[Black "Kovacevic,Vlat"]
[Result "1-0"]
[WhiteElo "2325"]
[BlackElo "2491"]

1.e4 e6 2.d4 d5 3.Nc3 Nf6 4.e5 Nfd7 5.f4 c5 6.Nf3 Nc6 7.Bd3 Nxd4 8.Nxd4 cxd4
9.Ne2 Bc5 10.O-O O-O 11.Ng3 f5 12.Kh1 Kh8 13.Qe1 a5 14.Ne2 Nb8 15.g4 fxg4
16.Qg3 Nc6 17.Rg1 Nb4 18.Qxg4 Qe7 19.Qh3 Nxd3 20.cxd3 Bd7 21.Bd2 Bb4 22.Be1 Bxe1
23.Raxe1 Rac8 24.Rg4 Rc2 25.Rh4 g6 26.Nxd4 Rxb2 27.Rg1 Rxa2 28.Rh6 Rg8 29.Rg4 Rg7
30.Rgh4 g5 31.Rg4 gxf4 32.Nf3 d4 33.Kg1 Bc6 34.Nh4 Qb4 35.Rxh7+ Kxh7 36.Nf5+  1-0

[Event "1st TCH-MNE"]
[Site "Herceg Novi MNE"]
[Date "2006.09.29"]
[Round "8"]
[White "Anicic,V"]
[Black "Kalezic,B"]
[Result "0-1"]
[WhiteElo "2223"]
[BlackElo "2433"]

1.e4 e6 2.d4 d5 3.Nc3 Nf6 4.e5 Nfd7 5.f4 c5 6.Nf3 Nc6 7.Be3 a6 8.Qd2 cxd4
9.Nxd4 Bc5 10.O-O-O Nxd4 11.Bxd4 O-O 12.Qe3 Bxd4 13.Rxd4 Nb8 14.Rd2 Nc6 15.Qg3 f5
16.Qh3 Qa5 17.g4 fxg4 18.Qxg4 Qb4 19.Rg1 Rf7 20.Bd3 Qxf4 21.Qh5 g6 22.Bxg6 hxg6
23.Rxg6+ Kf8 24.Rf6 Rxf6 25.exf6 Qxf6 26.Nd1 Ke7 27.Rf2 Qg7 28.Qh4+ Kd6 29.c4 d4
30.Rf6 Bd7 31.b4 Rh8 32.c5+ Kc7 33.Qf2 Qg5+ 34.Kb2 Qe5 35.h4 Nxb4 36.Kb3 Nd3  0-1

[Event "15th TCh-CRO"]
[Site "Sibenik CRO"]
[Date "2006.09.30"]
[Round "9"]
[White "Zivkovic,Vj"]
[Black "Kovacevic,Vlat"]
[Result "1/2-1/2"]
[WhiteElo "2407"]
[BlackElo "2491"]

1.e4 e6 2.d4 d5 3.Nc3 Nf6 4.e5 Nfd7 5.f4 c5 6.Nf3 Nc6 7.Be3 a6 8.Qd2 b6 9.Bd3 Be7
10.O-O O-O 11.Nd1 cxd4 12.Nxd4 Nxd4 13.Bxd4 Nc5 14.Nf2 a5 15.c3 Ba6 16.Rae1 Bxd3
17.Nxd3 Rc8 18.Rf3 Ne4 19.Qe3 Rc6 20.Nf2 Nxf2 21.Qxf2 g6 22.Rf1 Bc5 23.g4 f5
24.exf6 Qxf6 25.Bxf6 Bxf2+ 26.Kxf2 Rxf6 27.Rd1 Kf7 28.Rd4 Ke7 29.Kg3 Kd6
30.Re3 Rf7 31.Re5 Rc8 32.h4 h6 33.Rd3 Rxf4 34.Rde3 Re4 35.R3xe4 dxe4 36.Rxe4 e5
37.Re2 Ke6 38.Rf2 Rd8 39.g5 Rd3+ 40.Kg2 hxg5 41.hxg5 b5 42.Rf6+ Ke7 43.Rxg6 Rd2+
44.Kf3 Rxb2 45.Rb6 Kf7  1/2-1/2

[Event "USCL"]
[Site "ICC INT"]
[Date "2006.10.04"]
[Round "6"]
[White "Rogers,N"]
[Black "Jones,Cr"]
[Result "0-1"]
[WhiteElo "2260"]
[BlackElo "2200"]

1.e4 e6 2.d4 d5 3.Nc3 Nf6 4.e5 Nfd7 5.f4 c5 6.Nf3 Nc6 7.Be3 cxd4 8.Nxd4 Bc5
9.Qd2 O-O 10.O-O-O a6 11.h4 Nxd4 12.Bxd4 b5 13.Qf2 Qb6 14.Kb1 Bb7 15.h5 f6
16.Bxc5 Qxc5 17.Qg3 fxe5 18.fxe5 Qf2 19.Qh3 Qf5 20.g4 Qf3 21.g5 Rae8 22.g6 Nxe5
23.gxh7+ Kxh7 24.Rg1 b4 25.Rg3 Qf5 26.Qg2 Re7 27.Rg5 Qf3 28.Rxe5 Qxg2 29.Bxg2 bxc3
30.bxc3 d4 31.Bh3 dxc3 32.Rd3 Rf3 33.Rxf3 Bxf3 34.Re3 Bxh5 35.Rxc3 e5 36.Kc1 e4
37.Kd2 g5 38.Ke3 Bf3 39.Bf5+ Kh6 40.Rc6+ Kh5 41.Rxa6 g4 42.Rg6 Kh4 43.Kf4 Kh3
44.Re6 Rf7 45.c4 Kg2 46.c5 Kf2 47.Ke5 e3 48.Bd3 g3 49.Rg6 e2 50.Bxe2 Bxe2
51.c6 g2 52.c7 Rxc7  0-1

[Event "Open"]
[Site "Winterthur SUI"]
[Date "2006.10.07"]
[Round "2"]
[White "Garcia,Ge"]
[Black "Stoffregen,G"]
[Result "1-0"]
[WhiteElo "2212"]
[BlackElo "1964"]

1.e4 e6 2.d4 d5 3.Nc3 Nf6 4.e5 Nfd7 5.Nf3 a6 6.Bd3 c5 7.Be3 cxd4 8.Bxd4 Nc6
9.Ne2 Qc7 10.O-O Ndxe5 11.Nxe5 Nxe5 12.Re1 Bd6 13.Ng3 O-O 14.Bxh7+ Kxh7 15.Qh5+ Kg8
16.Bxe5 Bxe5 17.Qxe5 Qxe5 18.Rxe5 Bd7 19.Rae1 Rac8 20.c3 f6 21.R5e3 e5 22.Rd3 Be6
23.f3 Rc6 24.Nf1 b5 25.a3 Rd8 26.Red1 Rcd6 27.Kf2 Kf7 28.h3 d4 29.cxd4 exd4
30.Ng3 Bc4 31.Nf5 Rd5 32.Rxd4 Rxd4 33.Rxd4 Rxd4 34.Nxd4 Kg6 35.g3 Kf7 36.Ke3 Bf1
37.h4 g6 38.Kf4 Ke7 39.g4 Kd6 40.h5 Bd3 41.h6 g5+ 42.Ke3 Bh7 43.Nf5+ Ke6
44.Ke4 Kf7 45.b4 Kg6 46.Kd4 Kf7 47.Kd5 Bg8 48.Kc5 Ke6 49.Kb6 Ke5 50.Ng3 Kf4
51.Nh5+  1-0

[Event "7th Veselin Boskovic Mem Op"]
[Site "Beograd SRB"]
[Date "2006.10.10"]
[Round "8"]
[White "Miladinovic,I"]
[Black "Mihic,B"]
[Result "1-0"]
[WhiteElo "2598"]
[BlackElo "2346"]

1.d4 e6 2.e4 d5 3.Nc3 Nf6 4.e5 Nfd7 5.f4 c5 6.Nf3 Nc6 7.Be3 cxd4 8.Nxd4 Bc5
9.Qd2 O-O 10.h4 a6 11.h5 Bxd4 12.Bxd4 b5 13.h6 g6 14.O-O-O b4 15.Na4 Nxd4
16.Qxd4 Qa5 17.b3 Bb7 18.Kb1 Bc6 19.Nb2 Qc5 20.Be2 Bb5 21.Qxc5 Nxc5 22.Bxb5 axb5
23.Nd3 Ne4 24.Kb2 f6 25.exf6 Rxf6 26.Rde1 Raf8 27.Rh3 Rf5 28.Rh4 R8f6 29.Nxb4 Rxf4
30.Rxf4 Rxf4 31.Nd3 Rf8 32.Ra1 Rb8 33.a4 bxa4 34.Rxa4 Rb7 35.Ne5 Kf8 36.Nxg6+ Kf7
37.Nf4 Ng5 38.Ra6 Rd7 39.Nd3 Kf6 40.Nc5 Rc7 41.b4 Kf5 42.g4+ Kxg4 43.Nxe6 Nxe6
44.Rxe6 Kf5 45.Re2 Rc6 46.Rh2 Ke4 47.Rh4+ Ke5 48.c3 Rg6 49.Kb3 Kd6 50.Rh3 Kc6
51.Ka4 Rg1 52.Rf3 Rg6 53.b5+ Kb6 54.Rf5 Rg4+ 55.Kb3 Kc5 56.Rf7 Kxb5 57.Rxh7 Rh4
58.Rh8 Kb6 59.h7 Kb7 60.Kc2 Rh3 61.Kd2 Ka7 62.Ke2 Rh2+ 63.Kf3 Rh1 64.Kf4 Rh5
65.Kg4 Rh1 66.Kg5 Kb7 67.Kf6 Ka7 68.Kg6 Rg1+ 69.Kf7 Rh1 70.Ke6 Rh5 71.Kd6 Kb7  1-0

[Event "56th TCh-BUL"]
[Site "Sunny Beach BUL"]
[Date "2006.10.11"]
[Round "7"]
[White "Jovchev,A"]
[Black "Drenchev,P"]
[Result "0-1"]
[WhiteElo "2255"]
[BlackElo "2425"]

1.d4 Nf6 2.Nc3 e6 3.e4 d5 4.e5 Nfd7 5.f4 c5 6.Nf3 Nc6 7.Be3 a6 8.Qd2 g5 9.Nxg5 cxd4
10.Bxd4 Nxd4 11.Qxd4 Qa5 12.Nxf7 Kxf7 13.f5 Qb6 14.fxe6+ Qxe6 15.Qf2+ Kg7
16.O-O-O Bc5 17.Qg3+ Qg6 18.Qh4 Qh6+ 19.Qxh6+ Kxh6 20.Rxd5 Re8 21.g4 Rxe5
22.Bg2 Rxd5 23.Nxd5 Nb6 24.Nf6 Be3+ 25.Kb1 Bg5 26.Ne4 Bxg4 27.Nxg5 Kxg5 28.Bxb7 Ra7
29.Be4 Nc4 30.Kc1 Kf4 31.Bd3 Ne5 32.Rf1+ Bf3 33.Be2 Ke3 34.Bd1 Rd7 35.b3 Rxd1+
36.Rxd1 Bxd1 37.Kxd1 Nf3 38.h3 h5 39.a4 Kd4 40.b4 Kc4 41.b5 a5 42.Ke2 Nd4+
43.Kd2 Kc5 44.Kd3 Ne6 45.Ke4 Kb6 46.h4 Nc5+ 47.Kf5 Nxa4 48.Kg5 Nc5  0-1

[Event "TCh-NED 2006-7"]
[Site "Netherlands NED"]
[Date "2006.10.14"]
[Round "2"]
[White "Van de Oudeweetering,A"]
[Black "Kuijf,R"]
[Result "1/2-1/2"]
[WhiteElo "2345"]
[BlackElo "2424"]

1.e4 e6 2.d4 d5 3.Nc3 Nf6 4.e5 Nfd7 5.Nf3 c5 6.dxc5 Nc6 7.Bf4 Be7 8.h4 Nxc5
9.Bb5 Bd7 10.Qd2 a6 11.Bxc6 Bxc6 12.O-O-O b5 13.Nd4 Bb7 14.h5 b4 15.Nce2 a5
16.Kb1 Qb6 17.Qe3 Ba6 18.Nc1 a4 19.f3 h6 20.g4 O-O-O 21.g5 Bf8 22.gxh6 gxh6
23.Bg3 Kb7 24.Bh4 Rc8 25.Rhg1 Nd7 26.Qf4 Rh7 27.Qh2 Qc7 28.f4 a3 29.Ncb3 axb2
30.Rg3 Bc4 31.Qd2 Ra8 32.Kxb2 Qb6 33.c3 Nc5 34.cxb4 Ne4 35.Qc2 Bxb4 36.Re3 Qa6
37.Kb1 Rg7 38.Be1 Bxe1  1/2-1/2

[Event "65th Ann FPX Festival"]
[Site "Sao Paulo BRA"]
[Date "2006.10.17"]
[Round "2"]
[White "Matsuura,E"]
[Black "Cordova,Em"]
[Result "0-1"]
[WhiteElo "2460"]
[BlackElo "2482"]

1.e4 e6 2.d4 d5 3.Nc3 Nf6 4.e5 Nfd7 5.Nce2 c5 6.c3 cxd4 7.cxd4 f6 8.f4 fxe5
9.fxe5 Bb4+ 10.Kf2 O-O+ 11.Nf3 Nc6 12.Be3 Ndxe5 13.dxe5 Nxe5 14.Bd4 Nc6 15.a3 Bd6
16.Ke1 e5 17.Bf2 Be7 18.Nc3 e4 19.Qxd5+ Qxd5 20.Nxd5 exf3 21.Nxe7+ Nxe7 22.gxf3 Be6
23.Bc5 Bd5 24.Be2 Rf5 25.Rf1 Ng6 26.Bd3 Re5+ 27.Kd2 Nf4 28.Bd6 Nxd3 29.Kxd3 Re6
30.Bg3 Rd8 31.Kc2 Re2+ 32.Kc3 Rc8+ 33.Kd4 Bb3 34.Rfe1 Rd2+ 35.Ke3 Rdc2 36.Be5 Re8
37.Kd3 Rf8 38.Ke3 Bd5 39.f4 Rxh2 40.Rad1 Rh3+ 41.Kf2 Bc6 42.Rg1 g6 43.Rg3 Rh2+
44.Ke3 Re8 45.Rd2 Rh5 46.Kd4 Kf7 47.Kc3 Rhxe5 48.fxe5 Rxe5 49.Rf2+ Kg7 50.Rd2 h5
51.Rd6 g5 52.Kd4 Rf5 53.Re3 Rf6 54.Re7+ Kg6 55.Rd8 Kf5 56.Rg8 Kf4 57.Kd3 h4
58.Reg7 Rf5 59.Ke2 h3 60.Kf2 h2  0-1

[Event "14th Chigorin Mem B"]
[Site "St-Petersburg RUS"]
[Date "2006.10.25"]
[Round "4"]
[White "Stubberud,O"]
[Black "Vunder,A"]
[Result "1/2-1/2"]
[WhiteElo "2183"]
[BlackElo "2284"]

1.e4 e6 2.d4 d5 3.Nc3 Nf6 4.e5 Nfd7 5.f4 c5 6.Nf3 Qb6 7.a3 a6 8.dxc5 Bxc5
9.Bd3 Nc6 10.Na4 Qa5+ 11.Bd2 Qc7 12.Nxc5 Nxc5 13.Be3 Nxd3+ 14.cxd3 O-O 15.O-O Bd7
16.Qe2 f6 17.Rac1 Rac8 18.b4 Qd8 19.Bc5 Re8 20.Qe3 f5 21.h3 g6 22.g4 Kg7
23.Rc2 Rg8 24.gxf5 gxf5 25.Rg2+ Kh8 26.Ng5 Qe8 27.Qf2 Rg6 28.Kh2 Qg8 29.Rfg1 Be8
30.Qh4 Rc7 31.Nf3  1/2-1/2

[Event "14th Chigorin Mem"]
[Site "St-Petersburg RUS"]
[Date "2006.10.27"]
[Round "6"]
[White "Sagafos,M"]
[Black "Chebotarev,O"]
[Result "1-0"]
[WhiteElo "2358"]
[BlackElo "2508"]

1.e4 e6 2.d4 d5 3.Nc3 Nf6 4.e5 Nfd7 5.f4 c5 6.Nf3 Nc6 7.Be3 cxd4 8.Nxd4 Bc5
9.Qd2 O-O 10.O-O-O a6 11.Nb3 Bb4 12.Bd3 b5 13.g4 Bb7 14.Rhg1 Qe7 15.Rg3 Rfc8
16.Rh3 Nf8 17.Qf2 Ng6 18.Ne2 Na5 19.Nxa5 Bxa5 20.Bd4 b4 21.g5 Bd8 22.Qf3 Nf8
23.Bxh7+ Nxh7 24.Qh5 Qc7 25.Qxh7+ Kf8 26.Kb1  1-0

[Event "Petersburg Autumn"]
[Site "St Petersburg RUS"]
[Date "2006.10.31"]
[Round "1"]
[White "Kondratiev,D"]
[Black "Vunder,A"]
[Result "0-1"]
[WhiteElo "2069"]
[BlackElo "2284"]

1.e4 e6 2.d4 d5 3.Nc3 Nf6 4.e5 Nfd7 5.f4 c5 6.Nf3 Qb6 7.Na4 Qc6 8.c3 c4 9.b4 a5
10.bxa5 Rxa5 11.Nb2 b5 12.f5 exf5 13.Nh4 Nb6 14.Qf3 b4 15.Be2 Be7 16.Nxf5 Bxf5
17.Qxf5 bxc3 18.Nd1 c2 19.Ne3 Bb4+ 20.Bd2 c1=Q+ 21.Rxc1 Bxd2+ 22.Kxd2 Rxa2+
23.Ke1 O-O 24.h4 Qa4 25.h5 Nc6 26.h6 Qb4+ 27.Kf2 Rxe2+ 28.Kf1 Qd2 29.Qg5 Rf2+
30.Kg1 g6 31.Rd1 Qe2 32.Qg3 Rf5 33.Re1 Rg5 34.Qxg5 Qxe1+ 35.Kh2 f6 36.exf6 Qe2
37.Nxd5 Qe6 38.Nxb6 Qd6+ 39.g3 Qxd4 40.Nd5 Qe5 41.Qxe5 Nxe5 42.Kg2 Rd8 43.Ne7+ Kf7  0-1

[Event "Open"]
[Site "Santo Domingo DOM"]
[Date "2006.11.02"]
[Round "4"]
[White "Subervi,J"]
[Black "Jose Polanco,Ken"]
[Result "1/2-1/2"]
[WhiteElo "2250"]
[BlackElo "2011"]

1.e4 e6 2.d4 d5 3.Nc3 Nf6 4.e5 Nfd7 5.f4 c5 6.Nf3 Nc6 7.Be3 a6 8.Qd2 b5 9.dxc5 Bxc5
10.Bxc5 Nxc5 11.Qf2 Nd7 12.a3 Qb6 13.Qxb6 Nxb6 14.b3 Bb7 15.Ne2 Rc8 16.Ned4 Ke7
17.Bd3 f6 18.exf6+ gxf6 19.Nxc6+ Bxc6 20.O-O Kf7 21.Rae1 Nd7 22.b4 Nb6 23.Nd4 Bd7
24.Nb3 Rc3 25.Rf3 f5 26.Rfe3 Nc4 27.R3e2 Nd6 28.Nc5 Bc8 29.Nxe6 Ne4 30.Ng5+ Kf6
31.Ra1 Nxg5 32.fxg5+ Kxg5 33.a4 Bd7 34.axb5 Bxb5 35.Bxb5 axb5 36.Ra5 Rhc8
37.Ra2 R8c4 38.Rb2 Re4 39.Kf2 d4 40.Rd2 Rf4+ 41.Ke1 Re3+ 42.Re2 Rfe4 43.Rxe3 dxe3
44.Ke2 f4 45.c3 h5 46.Ra2 Re5 47.Ra5 Rd5 48.Kf3 Re5 49.Ra2 h4 50.Re2 Kf5
51.Rc2 Re8 52.Re2 Rd8 53.Rc2 Rd1 54.g4+ hxg3 55.hxg3 Rd2 56.g4+ Kg5  1/2-1/2

[Event "TCh-ROM Divizia A Feminin"]
[Site "Predeal ROM"]
[Date "2006.11.04"]
[Round "1"]
[White "Paulet,I"]
[Black "Padurariu,I"]
[Result "1-0"]
[WhiteElo "2167"]
[BlackElo "2221"]

1.e4 e6 2.d4 d5 3.Nc3 Nf6 4.e5 Nfd7 5.f4 c5 6.Nf3 Nc6 7.Be3 a6 8.Qd2 b5 9.a3 Qb6
10.g3 cxd4 11.Nxd4 Bc5 12.Nce2 a5 13.c3 Bb7 14.Bg2 b4 15.O-O Ba6 16.axb4 axb4
17.Kh1 Rb8 18.Qc2 b3 19.Qd2 Na5 20.f5 Nc4 21.Qc1 Ndxe5 22.fxe6 Nd3 23.exf7+ Kf8
24.Ne6+ Qxe6 25.Bxc5+ Nxc5 26.Nf4 Qe3 27.Qb1 Nd2 28.Qxh7 Qxf4 29.Qxh8+ Ke7
30.Qxg7 Qxf1+ 31.Rxf1 Rf8 32.Qf6+  1-0

[Event "Petersburg Autumn"]
[Site "St Petersburg RUS"]
[Date "2006.11.04"]
[Round "5"]
[White "Sinajskij,A"]
[Black "Vunder,A"]
[Result "0-1"]
[WhiteElo "2114"]
[BlackElo "2284"]

1.e4 e6 2.d4 d5 3.Nc3 Nf6 4.e5 Nfd7 5.f4 c5 6.Nf3 Nc6 7.Be3 cxd4 8.Nxd4 Bc5
9.Qd2 O-O 10.g3 a6 11.Bg2 Nxd4 12.Bxd4 b5 13.a3 Bb7 14.Ne2 Qc7 15.O-O Rae8
16.c3 f6 17.exf6 Nxf6 18.Bxc5 Qxc5+ 19.Nd4 e5 20.fxe5 Rxe5 21.Rae1 Rxe1 22.Qxe1 Re8
23.Qf2 Bc8 24.h3 Re5 25.Re1 Ne4 26.Bxe4 dxe4 27.Kg2 Qd5 28.Re3 h5 29.Qf4 Re8
30.g4 hxg4 31.hxg4 Rf8 32.Nf5 Qd2+ 33.Kg3 Bxf5 34.gxf5 Rxf5 35.Qxe4 Qd6+
36.Kh3 Qh6+ 37.Kg2 Qg6+  0-1

[Event "Petersburg Autumn"]
[Site "St Petersburg RUS"]
[Date "2006.11.06"]
[Round "7"]
[White "Bogdanov,An"]
[Black "Kudriavtsev,Y"]
[Result "1-0"]
[WhiteElo "2093"]
[BlackElo "1961"]

1.e4 e6 2.Nc3 d5 3.d4 Nf6 4.e5 Nfd7 5.Nf3 c5 6.Be3 Nc6 7.Be2 cxd4 8.Bxd4 Nxd4
9.Qxd4 Bc5 10.Qg4 O-O 11.O-O Be7 12.Bd3 a6 13.Rae1 Nc5 14.Nd4 Nxd3 15.cxd3 Qb6
16.Nb3 Bd7 17.d4 a5 18.Nxd5 Qd8 19.Nxe7+ Qxe7 20.Nc5 Bb5 21.Ne4 Kh8 22.Nd6 Bxf1
23.Rxf1 Rad8 24.Qe4 Rxd6 25.exd6 Qxd6 26.Qxb7 Qxd4 27.Rc1 Qd2 28.Qc8 Kg8
29.Qc3 Qd5 30.b3 Rd8 31.h3 h6 32.a3 e5 33.b4 axb4 34.axb4 Rd6 35.Qc5 f6 36.Qxd5+ Rxd5
37.Rb1 Rb5 38.Kf1 Kf7 39.Ke2 Ke6 40.Kd3 Kd5 41.Kc3 Rb7 42.Rd1+ Ke4 43.Kc4 Rc7+
44.Kb3 f5 45.b5 f4 46.Rd2 g5 47.Kb4 h5 48.b6 Rb7 49.Kc5 g4 50.Re2+ Kf5 51.f3 gxf3
52.gxf3 Re7 53.Kc6 Kg5 54.b7 Rxb7 55.Kxb7 Kh4 56.Rxe5 Kxh3  1-0